Robust range image registration : (Record no. 189518)

000 -LEADER
fixed length control field 01191 a2200253 4500
003 - CONTROL NUMBER IDENTIFIER
control field NUST
005 - DATE AND TIME OF LATEST TRANSACTION
control field 20221202180227.0
010 ## - LIBRARY OF CONGRESS CONTROL NUMBER
LC control number 2005299369
020 ## - INTERNATIONAL STANDARD BOOK NUMBER
International Standard Book Number 9812561080
035 ## - SYSTEM CONTROL NUMBER
System control number (OCoLC)ocm57758730
040 ## - CATALOGING SOURCE
Transcribing agency Nust
082 04 - DEWEY DECIMAL CLASSIFICATION NUMBER
Classification number 003.3,SIL
100 1# - MAIN ENTRY--PERSONAL NAME
Personal name Silva, Luciano Afonso da,
9 (RLIN) 104041
245 10 - TITLE STATEMENT
Title Robust range image registration :
Remainder of title using genetic algorithms and the surface interpenetration measure /
Statement of responsibility, etc. Luciano Silva and Olga R.P. Bellon, Kim L. Boyer.
260 ## - PUBLICATION, DISTRIBUTION, ETC.
Place of publication, distribution, etc. Hackensack, N.J. :
Name of publisher, distributor, etc. World Scientific,
Date of publication, distribution, etc. c2005.
300 ## - PHYSICAL DESCRIPTION
Extent x, 164 p. :
Other physical details ill. (some col.) ;
Dimensions 23 cm.
440 #0 - SERIES STATEMENT/ADDED ENTRY--TITLE
Title Series in machine perception and artificial intelligence ;
Volume/sequential designation v. 60
9 (RLIN) 96511
505 ## - FORMATTED CONTENTS NOTE
Formatted contents note Introduction (Page-1), Range Image Registration (Page-9), Surface Interpenetration Measure (Page-19), Range Image Registration Using Genetic Algorithms (Page-45), Robust Range Registration by Combining GAs and the SIM (Page-89), Multiview Range Image Registration (Page-105), Closing Comments (Page-121).
650 #0 - SUBJECT ADDED ENTRY--TOPICAL TERM
Topical term or geographic name entry element Computer simulation.
9 (RLIN) 1599
650 #0 - SUBJECT ADDED ENTRY--TOPICAL TERM
Topical term or geographic name entry element Mathematical models.
9 (RLIN) 3646
700 1# - ADDED ENTRY--PERSONAL NAME
Personal name Bellon, Olga R. P.
9 (RLIN) 104042
700 1# - ADDED ENTRY--PERSONAL NAME
Personal name Boyer, Kim L.
9 (RLIN) 104043
942 ## - ADDED ENTRY ELEMENTS (KOHA)
Source of classification or shelving scheme
Koha item type Book
Call number prefix 003.3,SIL
Holdings
Withdrawn status Lost status Source of classification or shelving scheme Damaged status Not for loan Permanent Location Current Location Shelving location Date acquired Full call number Barcode Date last seen Price effective from Koha item type Public note
          Military College of Signals (MCS) Military College of Signals (MCS) General Stacks 12/12/2016 003.3,SIL MCS35217 12/08/2016 12/12/2016 Book Almirah No.46, Shelf No.1
© 2023 Central Library, National University of Sciences and Technology. All Rights Reserved.